Hunger Games - Devine le personnage avec son nom de famille - Statistiques

Statistiques générales
  • Ce quiz a été pris 252 fois
  • Le résultat moyen est 13 sur 22
Statistiques - réponses
Hint Réponse % Correct
Everdeen Katniss / Primrose
100%
Mellark Peeta
100%
Trinket Effie
92%
Odair Finnick
91%
Abernathy Haymitch
90%
Hawthorne Gale / Hazelle
89%
Snow Coriolanus / Crassus
78%
Mason Johanna
78%
Flickerman Caesar / Lucky
72%
Baird Lucy Gray
68%
Coin Alma
67%
Heavensbee Plutarch
67%
Crane Seneca / Arachne
66%
Cresta Annie
62%
Plinth Séjanus
44%
Donner Maysilee
34%
Latier Beetee
33%
Templesmith Claudius
22%
Undersee Madge
20%
Highbottom Casca
17%
Gaul Volumnia
15%
Thread Romulus
10%
Aucun quiz correspondant
Distribution des résultats
% des personnes avec chaque résultat
Percentile par nombre de réponses
Votre historique - résultats
Vous n’avez pas pris ce quiz